000 01414nam a2200373Ia 4500
005 20220317001012.0
008 160825s2009 ck g 000 0 spa
020 _a97895804753012
100 1 _aFitzgerald, Francis Scott Key
_d1896-1940
245 1 3 _aEl gran Gatsby
_cF. Scott Fitzgerald ; traducido por Eva Zímerman de Aguirre
250 _a2a. edición
_b1a. reimpresión
300 _a173, 43 (en paginación variada)
_c23 cm
490 _aCara y cruz
500 _aIncluye datos biográficos
505 _aUn castillo en el aire / Mario vargas Llosa -- Lección del olvidado / Hernando valencia Goelkel
521 _aRecomendado para adultos
534 _tThe Great Gatsby
600 1 4 _aFitzgerald, Francis Scott
_d1896-1940
_xCritica e interpretación
_964246
650 1 4 _2LEMB
_aNovela estadounidense
_y Siglo XIX-XX
650 1 4 _2LEMB
_aLiteratura estadounidense
_ySiglo XIX-XX
650 1 4 _2LEMB
_aJuventud en la literatura
650 1 4 _2LEMB
_aAmor en la literatura
650 1 4 _2LEMB
_aRiqueza en la literatura
740 0 2 _aLección del olvidado
740 0 2 _aUn castillo en el aire
740 0 2 _aF. Scott Fitzgerald vida y obra
942 _2loc
_cBKLIT
264 _aBogotá
_bNorma
_c2009
336 _atexto
_btxt
_2rdacontent
337 _asin mediación
_bn
_2rdamedia
338 _avolumen
_bnc
_2rdacarrier
040 _aCO-BoRNBP
_bspa
_erda
_cCO-BoRNBP
084 _aN FIT1
999 _c5639
_d5639